| 000 | 01047nam0a22002531 4500 | ||
|---|---|---|---|
| 001 | rc\4400349 | ||
| 005 | 20260406153520.0 | ||
| 021 |
_aRU _b[68-10478] |
||
| 035 | _a(NLR Aleph) 008558245 | ||
| 090 |
_a8449215 _c8449215 |
||
| 100 | _a20130416d1967 |||y0rusy50 ca | ||
| 101 | 0 | _arus | |
| 102 | _aRU | ||
| 105 | _ay z ||||| | ||
| 200 | 1 |
_aДиагностика, клиника и лечение хронической неспецифической пневмонии у детей _eМетод. письмо _fМ-во здравоохранения Каз. ССР. Караганд. гос. мед. ин-т. Караганд. о-во дет. врачей |
|
| 210 |
_aКараганда _cБ. и. _d1967 |
||
| 215 |
_a32 с. _d19 |
||
| 606 |
_aПневмония хирургическая у детей _2psbo |
||
| 712 | 0 | 2 |
_aКарагандинский медицинский институт _3RU\NLR\AUTH\889928905 _9353368 |
| 801 | 0 |
_aRU _bNLR _gpsbo |
|
| 801 | 1 |
_aRU _bELAR _2rusmarc |
|
| 852 |
_aNLR _j68-4/3851 |
||
| 942 | _cBOOK | ||
| 980 | _aNB | ||